La littérature de l'Espagne. (Record no. 105492)

MARC details
000 -LEADER
campo de control de longitud fija 00822nam a2200229 i 4500
001 - NÚMERO DE CONTROL
campo de control 105492
003 - IDENTIFICADOR DE NÚMERO DE CONTROL
campo de control ES-MaACL
005 - FECHA Y HORA DE LA ÚLTIMA TRANSACCIÓN
campo de control 20230906183913.0
007 - CAMPO FIJO DE DESCRIPCIÓN FÍSICA--INFORMACIÓN GENERAL
campo de control de longitud fija t|
008 - DATOS DE LONGITUD FIJA--INFORMACIÓN GENERAL
campo de control de longitud fija 060719s1958 fr ||||1| fre d
080 ## - NÚMERO DE LA CLASIFICACIÓN DECIMAL UNIVERSAL
Número de la Clasificación Decimal Universal 821.134.2.09"19"
245 03 - MENCIÓN DEL TÍTULO
Título La littérature de l'Espagne.
260 ## - PUBLICACIÓN, DISTRIBUCIÓN, ETC.
Lugar de publicación, distribución, etc. Paris :
Nombre del editor, distribuidor, etc. Les Editeurs Français Réunis,
Fecha de publicación, distribución, etc. 1958.
300 ## - DESCRIPCIÓN FÍSICA
Extensión 302 p., [12] p. de lám. ;
Dimensiones 22 cm.
490 1# - MENCIÓN DE SERIE
Mención de serie Europe : revue mensuelle ;
Designación de volumen o secuencia nº 345-346
500 ## - NOTA GENERAL
Nota general Número monográfico de la revista: Europe : revue mensuelle, Paris, janv.-févr. 1958, nº 345-346.
500 ## - NOTA GENERAL
Nota general Biblioteca Juan Andrade.
650 #4 - PUNTO DE ACCESO ADICIONAL DE MATERIA--TÉRMINO DE MATERIA
Término de materia o nombre geográfico como elemento de entrada Literatura española-
Subdivisión cronológica S.XX-
Subdivisión general Historia y crítica.
9 (RLIN) 141686
830 0# - PUNTO DE ACCESO ADICIONAL DE SERIE-TÍTULO UNIFORME
Título uniforme Europe : revue mensuelle ;
Designación de volumen o secuencia nº 345-346
9 (RLIN) 232735
852 ## - LOCALIZACIÓN
Ubicación ES-MaACL
Número de control de estantería AND-283
Sublocalización o colección R.109600
Holdings
Estatus retirado Estado de pérdida Estado de daño No para préstamo Biblioteca de origen Biblioteca actual Ubicación en estantería Fecha de adquisición Fuente de adquisición Total de préstamos Signatura topográfica completa Código de barras Visto por última vez Precio de reemplazo Tipo de ítem Koha
        Biblioteca del Ateneo de Madrid Biblioteca del Ateneo de Madrid Depósito 2 17/01/2008     AND-283 1110139 23/02/2023 23/02/2023 Libro impreso